000 00282 a2200085 4500
020 _a9789395664356
100 _aSoni S.
_9211652
245 _aभारताची उज्ज्वल विज्ञान परंपरा
260 _bBharatiya Vichar Sadhana Pune Prakashan
_c2024
999 _c365611
_d365611